Mystics / (Record no. 121226)
[ view plain ]
| 000 -LEADER | |
|---|---|
| fixed length control field | 01663cam a22003734a 4500 |
| 001 - CONTROL NUMBER | |
| control field | 7025002 |
| 003 - CONTROL NUMBER IDENTIFIER | |
| control field | ARRUPE |
| 005 - DATE AND TIME OF LATEST TRANSACTION | |
| control field | 20141112121856.0 |
| 008 - FIXED-LENGTH DATA ELEMENTS--GENERAL INFORMATION | |
| fixed length control field | 070409s2008 enka b 001 0deng |
| 010 ## - LIBRARY OF CONGRESS CONTROL NUMBER | |
| LC control number | 2007014786 |
| 020 ## - INTERNATIONAL STANDARD BOOK NUMBER | |
| International Standard Book Number | 9780195300383 (cloth : alk. paper) |
| 020 ## - INTERNATIONAL STANDARD BOOK NUMBER | |
| International Standard Book Number | 0195300386 (cloth : alk. paper) |
| 020 ## - INTERNATIONAL STANDARD BOOK NUMBER | |
| International Standard Book Number | 9780195300390 (pbk. : alk. paper) |
| 020 ## - INTERNATIONAL STANDARD BOOK NUMBER | |
| International Standard Book Number | 0195300394 (pbk. : alk. paper) |
| 024 ## - OTHER STANDARD IDENTIFIER | |
| Standard number or code | 99933016197 |
| 035 ## - SYSTEM CONTROL NUMBER | |
| System control number | (OCoLC)ocn123119807 |
| 035 ## - SYSTEM CONTROL NUMBER | |
| System control number | (OCoLC)123119807 |
| 035 ## - SYSTEM CONTROL NUMBER | |
| System control number | (NNC)7025002 |
| 040 ## - CATALOGING SOURCE | |
| Original cataloging agency | DLC |
| Transcribing agency | DLC |
| Modifying agency | BTCTA |
| -- | BAKER |
| -- | YDXCP |
| -- | C#P |
| 050 00 - LIBRARY OF CONGRESS CALL NUMBER | |
| Classification number | BV5082.3 |
| Item number | .H37 2008 |
| 082 00 - DEWEY DECIMAL CLASSIFICATION NUMBER | |
| Classification number | 204/.22 |
| Edition number | 22 |
| 300 ## - PHYSICAL DESCRIPTION | |
| Other physical details | ill. ; |
| Dimensions | 24 cm. |
| 100 1# - MAIN ENTRY--PERSONAL NAME | |
| Personal name | Harmless, William, |
| Dates associated with a name | 1953- |
| 9 (RLIN) | 12569 |
| 245 10 - TITLE STATEMENT | |
| Title | Mystics / |
| Statement of responsibility, etc | William Harmless. |
| 260 ## - PUBLICATION, DISTRIBUTION, ETC. (IMPRINT) | |
| Place of publication, distribution, etc | Oxford ; |
| -- | New York : |
| Name of publisher, distributor, etc | Oxford University Press, |
| Date of publication, distribution, etc | 2008. |
| 300 ## - PHYSICAL DESCRIPTION | |
| Extent | xv, 350 p. : |
| 504 ## - BIBLIOGRAPHY, ETC. NOTE | |
| Bibliography, etc | Includes bibliographical references (p. [315]-335) and index. |
| 505 0# - FORMATTED CONTENTS NOTE | |
| Formatted contents note | A theology called mystical : Jean Gerson and William James -- Mystic as fire watcher : Thomas Merton -- Mystic as experienced exegete : Bernard of Clairvaux -- Mystic as multimedia artist : Hildegard of Bingen -- Mystic as cartographer : Bonaventure -- Mystic as mystagogue : Meister Eckhart -- Mystic as desert calligrapher : Evagrius Ponticus -- Mysticism and Islam : Rumi -- Mysticism and Zen Buddhism : Dōgen -- Reading mystics : text, community, experience. |
| 650 #0 - SUBJECT ADDED ENTRY--TOPICAL TERM | |
| Topical term or geographic name as entry element | Mysticism. |
| 9 (RLIN) | 12570 |
| 650 #0 - SUBJECT ADDED ENTRY--TOPICAL TERM | |
| Topical term or geographic name as entry element | Mystics. |
| 9 (RLIN) | 12571 |
| 856 41 - ELECTRONIC LOCATION AND ACCESS | |
| Materials specified | Table of contents only |
| Uniform Resource Identifier | <a href="http://www.loc.gov/catdir/toc/ecip0715/2007014786.html">http://www.loc.gov/catdir/toc/ecip0715/2007014786.html</a> |
| 942 ## - ADDED ENTRY ELEMENTS (KOHA) | |
| Source of classification or shelving scheme | Library of Congress Classification |
| Koha item type | Monograph ( Printed materials) |
| 948 1# - LOCAL PROCESSING INFORMATION (OCLC); SERIES PART DESIGNATOR (RLIN) | |
| Series part designator, SPT (RLIN) | 20090507 |
| b (OCLC) | c |
| c (OCLC) | sl13 |
| d (OCLC) | MPS |
| Withdrawn status | Lost status | Source of classification or shelving scheme | Damaged status | Not for loan | Collection code | Home library | Current library | Shelving location | Date acquired | Total Checkouts | Full call number | Barcode | Date last seen | Date checked out | Price effective from | Koha item type |
|---|---|---|---|---|---|---|---|---|---|---|---|---|---|---|---|---|
| Library of Congress Classification | Main Collection | ARRUPE LIBRARY | ARRUPE LIBRARY | Main Collection | 12/11/2014 | 4 | BV5082.3 .H37 2008 | 46500003654 | 08/12/2022 | 17/11/2022 | 12/11/2014 | Monograph ( Printed materials) |